1984
Guardat en:
| Autor principal: | |
|---|---|
| Format: | Llibre |
| Idioma: | espanyol |
| Publicat: |
Santiago
Cerro Huelen
1984
|
| Matèries: | |
| Etiquetes: |
Afegir etiqueta
Sense etiquetes, Sigues el primer a etiquetar aquest registre!
|
MARC
| LEADER | 00000nam a2200000 a 4500 | ||
|---|---|---|---|
| 001 | UCX1009 | ||
| 003 | CL-VaPUC | ||
| 008 | 900516e19840000CL |||||||||||||||||spa|d | ||
| 082 | 0 | 4 | |a 823 |b ORW |2 21 |
| 100 | |a Orwell, George |e autor |9 320140 | ||
| 245 | 1 | 0 | |a 1984 |
| 300 | |a 236 p | ||
| 942 | |c BK | ||
| 945 | |d 19900516 00:00:00 | ||
| 260 | |a Santiago |b Cerro Huelen |c 1984 | ||
| 650 | 0 | |a Novelas inglesas |9 265220 | |
| 583 | |a last modification |c 20120618 12:08:39 |k Rodrigo Vera | ||
| 999 | |c 222361 |d 222359 | ||
| 952 | |0 0 |1 0 |4 0 |6 823_000000000000000_ORW_1984 |7 0 |8 R |9 216956 |a BIBEDU |b BIBEDU |c MCIRC |d 2019-11-15 |i 2859041 |l 4 |o 823 ORW 1984 |p 2859041 |r 2024-05-06 |s 2024-04-29 |w 2019-11-15 |y BK_R |k LIT | ||